<?xml version="1.0" encoding="UTF-8"?>
<marc:record xmlns:marc="http://www.loc.gov/MARC21/slim">
   <marc:leader>00000nam a2200000 a 4500</marc:leader>
   <marc:datafield ind1="1" ind2=" " tag="100">
      <marc:subfield code="a">Nayar, Nandini</marc:subfield>
      <marc:subfield code="4">aut</marc:subfield>
      <marc:subfield code="e">Verfasser/-in</marc:subfield>
   </marc:datafield>
   <marc:datafield ind1=" " ind2=" " tag="653">
      <marc:subfield code="a">Kinderbuch</marc:subfield>
   </marc:datafield>
   <marc:datafield ind1=" " ind2=" " tag="653">
      <marc:subfield code="a">Abenteuer</marc:subfield>
   </marc:datafield>
   <marc:datafield ind1=" " ind2=" " tag="653">
      <marc:subfield code="a">Ferien</marc:subfield>
   </marc:datafield>
   <marc:datafield ind1=" " ind2=" " tag="653">
      <marc:subfield code="a">Englisch</marc:subfield>
   </marc:datafield>
   <marc:datafield ind1=" " ind2=" " tag="653">
      <marc:subfield code="a">Sommer</marc:subfield>
   </marc:datafield>
   <marc:datafield ind1="0" ind2="0" tag="245">
      <marc:subfield code="a">Camp Sweets: Monster Fun at Summer Camp</marc:subfield>
   </marc:datafield>
   <marc:datafield ind1=" " ind2="1" tag="264">
      <marc:subfield code="b">Talking Club by Speaking Tiger</marc:subfield>
      <marc:subfield code="c">2018</marc:subfield>
   </marc:datafield>
   <marc:datafield ind1="1" ind2=" " tag="520">
      <marc:subfield code="a">Raj is going to what has to be the worst summer camp ever—Camp Sweets, where they teach children how to become expert sweet-makers. Yes, his mother is the owner of the Tasty Mithai Bhandar that serves the best gulab jamuns, jalebis, rasgullas and other delectable confections in town. But has anyone ever asked him what he wants? Certainly not to be anywhere near laddoos and imartis. Grumpy and annoyed, he turns up at Camp Sweets determined to not learn anything.
Yet, there are boys and girls here who adore sweets. As Raj whips up one Indian dessert after another, he finds that with all the crazy cooking and new friendships, Camp Sweets is a summer camp like no other. And the kitchen is where monstrously sweet adventures begin…</marc:subfield>
   </marc:datafield>
   <marc:datafield ind1=" " ind2=" " tag="020">
      <marc:subfield code="a">9789387693517</marc:subfield>
      <marc:subfield code="9">9789387693517</marc:subfield>
   </marc:datafield>
</marc:record>
